| 000 | 00597nam a2200217Ia 4500 | ||
|---|---|---|---|
| 005 | 20240217115342.0 | ||
| 008 | 131103s9999 xx 000 0 und d | ||
| 020 |
_a140086633 _cGBP:2.95 |
||
| 040 | _aLoreto College | ||
| 041 | _aEnglish | ||
| 082 |
_a370.954 _bBES |
||
| 100 | _aDinnage,Bosemary | ||
| 245 |
_aAnnie Besant, _cRosemary Dinnage |
||
| 260 |
_aHarmondsworth _bPenguin Books _c1986 |
||
| 300 |
_a128 p. _b illus,fig.,photos |
||
| 440 | _aLives Of Modern Women | ||
| 504 | _aIncludes bibliography and index | ||
| 650 | _aEducation - India | ||
| 850 | _aLCLIB | ||
| 942 | _cBK | ||
| 999 |
_c10358 _d60837 |
||